000
00329nam a2200133Ia 4500
008
240624s9999 xx 000 0 und d
041
_a
eng
082
_a
332.63 GEM
100
_a
GEMAN HELYETTE
245
_a
COMMODITIES AND COMMODITY DERIVATIVES MO
260
_c
2005
_a
Chichester
_b
Wiley
300
_a
416 : p.
365
_c
_b
27
999
_c
21062
_d
21062